Disaster Movies Quiz Stats

 Plays Quiz Updated Dec 21, 2018

Score 0/20 Timer 06:00
0 Plays Today
Year Movie % Correct
1997Titanic
81.7%
1996Twister
67.3%
2004The Day After Tomorrow
57.1%
1998Armageddon
54.9%
1997Volcano
48.2%
1997Dante's Peak
39.1%
1998Deep Impact
38%
2009Knowing
32.9%
1974The Towering Inferno
28.8%
1974Earthquake
26.2%
Year Movie % Correct
2000The Perfect Storm
26.2%
1995Outbreak
25.9%
1972The Poseidon Adventure
24.9%
1996Daylight
16.8%
2003The Core
16.6%
1970Airport
16.5%
1979The China Syndrome
10.8%
2006World Trade Center
6.4%
1975The Hindenburg
3.8%
2006United 93
2.8%

You're not logged in!

Compare scores with friends on all Sporcle quizzes.
OR
Log In

Sporcle TV

Today on Sporcle TV


Watch our educational content, quiz creation guides, and fun videos on Sporcle TV.

Show Comments

Extras

Top Quizzes Today


Score Distribution

Your Account Isn't Verified!

In order to create a playlist on Sporcle, you need to verify the email address you used during registration. Go to your Sporcle Settings to finish the process.

Report this User

Report this user for behavior that violates our Community Guidelines.

Details: